000 00752nas a2200253 4500
001 BR2012003451
003 BR-BrBNA
005 20231205120540.0
007 ta
008 230509b bl.|||p| |||| 00| 00por d
040 _aBR-BrBNA
_bpor
_cBiblioteca Nacional de Agricultura
041 _a(Pt)
072 _aP01; F30
100 1 _aRieger, T.T.
100 1 _aCampos, S.R. da C.
100 1 _aSantos, J.F. dos
245 1 _aA biologia molecular como ferramenta no estudo da biodiversidade
650 _aBIODIVERSIDADE
650 _aMARCADOR MOLECULAR
650 _aDNA
773 0 _tFloresta e Ambiente (Brazil)
_xISSN 1415-0980
_g(2006), v. 13(2) p. 11-24
_wBR2012003451
909 _a202311
_bLúcia
_c55
_dLúcia Elande
942 _2AGRIS
_n0
_cANA
999 _c219071
_d219071